MAASAI MARA UNIVERSITY

LIBRARY CATALOGUE

Contact Us: +254 020 2685356/7 or 0774 057787

Box: 861-20500, NAROK, KENYA

Email: info@mmarau.ac.ke

Essentials of computers for nurses : (Record no. 17494)

MARC details
000 -LEADER
fixed length control field 01977cam a22004574a 4500
001 - CONTROL NUMBER
control field 11925240
003 - CONTROL NUMBER IDENTIFIER
control field OSt
005 - DATE AND TIME OF LATEST TRANSACTION
control field 20210705111753.0
008 - FIXED-LENGTH DATA ELEMENTS--GENERAL INFORMATION
fixed length control field 000229s2001 nyua b 001 0 eng c
010 ## - LIBRARY OF CONGRESS CONTROL NUMBER
LC control number 00020237
020 ## - INTERNATIONAL STANDARD BOOK NUMBER
International Standard Book Number 0071349006
035 ## - SYSTEM CONTROL NUMBER
System control number (DNLM)100935883
040 ## - CATALOGING SOURCE
Original cataloging agency MMU
Transcribing agency MMU
Modifying agency MMU
Language of cataloging eng
042 ## - AUTHENTICATION CODE
Authentication code pcc
050 00 - LIBRARY OF CONGRESS CALL NUMBER
Classification number RT50.5
Item number .S23 2001
060 10 - NATIONAL LIBRARY OF MEDICINE CALL NUMBER
Classification number WY 26.5
Item number E78 2000
082 00 - DEWEY DECIMAL CLASSIFICATION NUMBER
Classification number 610.73/0285
Edition number 21
245 00 - TITLE STATEMENT
Title Essentials of computers for nurses :
Remainder of title informatics for the new millenium /
Statement of responsibility, etc. editors, Virginia K. Saba, Kathleen A. McCormick ; with 44 contributors.
250 ## - EDITION STATEMENT
Edition statement 3rd ed.
260 ## - PUBLICATION, DISTRIBUTION, ETC. (IMPRINT)
Place of publication, distribution, etc. New York :
Name of publisher, distributor, etc. McGraw-Hill, Health Professions Division,
Date of publication, distribution, etc. c2001.
300 ## - PHYSICAL DESCRIPTION
Extent xviii, 555 p. :
Other physical details ill. ;
Dimensions 24 cm.
500 ## - GENERAL NOTE
General note Rev. ed. of: Essentials of computers for nurses / Virginia K. Saba, Kathleen A. McCormick. 2nd ed. c1966.
504 ## - BIBLIOGRAPHY, ETC. NOTE
Bibliography, etc Includes bibliographical references and index.
650 #0 - SUBJECT ADDED ENTRY--TOPICAL TERM
Topical term or geographic name as entry element Nursing
General subdivision Data processing.
650 #0 - SUBJECT ADDED ENTRY--TOPICAL TERM
Topical term or geographic name as entry element Computers.
650 #0 - SUBJECT ADDED ENTRY--TOPICAL TERM
Topical term or geographic name as entry element Information storage and retrieval systems
General subdivision Nursing.
650 12 - SUBJECT ADDED ENTRY--TOPICAL TERM
Topical term or geographic name as entry element Computers
Form subdivision Nurses' Instruction.
650 22 - SUBJECT ADDED ENTRY--TOPICAL TERM
Topical term or geographic name as entry element Automatic Data Processing
Form subdivision Nurses' Instruction.
650 22 - SUBJECT ADDED ENTRY--TOPICAL TERM
Topical term or geographic name as entry element Internet
Form subdivision Nurses' Instruction.
650 22 - SUBJECT ADDED ENTRY--TOPICAL TERM
Topical term or geographic name as entry element Medical Informatics Applications
Form subdivision Nurses' Instruction.
650 22 - SUBJECT ADDED ENTRY--TOPICAL TERM
Topical term or geographic name as entry element Nursing
General subdivision trends
Form subdivision Nurses' Instruction.
700 1# - ADDED ENTRY--PERSONAL NAME
Personal name Saba, Virginia K.
700 1# - ADDED ENTRY--PERSONAL NAME
Personal name McCormick, Kathleen Ann.
700 1# - ADDED ENTRY--PERSONAL NAME
Personal name Saba, Virginia K.
Title of a work Essentials of computers for nurses.
856 42 - ELECTRONIC LOCATION AND ACCESS
Materials specified Publisher description
Uniform Resource Identifier <a href="http://www.loc.gov/catdir/description/mh021/00020237.html">http://www.loc.gov/catdir/description/mh021/00020237.html</a>
856 42 - ELECTRONIC LOCATION AND ACCESS
Materials specified Contributor biographical information
Uniform Resource Identifier <a href="http://www.loc.gov/catdir/enhancements/fy0609/00020237-b.html">http://www.loc.gov/catdir/enhancements/fy0609/00020237-b.html</a>
906 ## - LOCAL DATA ELEMENT F, LDF (RLIN)
a 7
b cbc
c orignew
d 1
e ocip
f 20
g y-gencatlg
942 ## - ADDED ENTRY ELEMENTS (KOHA)
Source of classification or shelving scheme Library of Congress Classification
Koha item type L
Holdings
Withdrawn status Lost status Source of classification or shelving scheme Damaged status Not for loan Home library Current library Date acquired Source of acquisition Total Checkouts Full call number Barcode Date last seen Price effective from Koha item type
    Library of Congress Classification     Maasai Mara University Library -Main Campus Maasai Mara University Library -Main Campus 06/14/2016 Donation   RT50.5 .S23 2000 20116444 06/14/2016 06/14/2016 L
© 2016 Maasai Mara University.